000 00474cam a2200181ua 4500
020 _cRe 1.00
041 _amal
_h
082 _a894.812 2
_bNAR/EN
100 _aNarendranath, .
245 _aEnna ozhichu thirikoluthy /
_cNarendranath.
_hTextual Documents
260 _aQuilon :
_bSree Rama Vilasam Press & Book Depot ,
_c1962.
300 _a115 ; .
365 _aRe 1.00
504 _a
650 _aDrama - Malayalam
942 _cBK
999 _c1086
_d1086